000
003160000a22001450004500
003
MACL
040
_a
MACL
090
_c
32922
_d
32920
100
_a
Ramm, Agatha
245
_a
Europe in the Twentieth Century 1905-1970
260
_b
Longman
650
_a
History
942
_c
BOOK
_k
940/Ram
951
_o
940/Ram BOOK
999
_c
32585
_d
32585